| 000 | 00505nam a2200157Ia 4500 | ||
|---|---|---|---|
| 003 | GCL | ||
| 008 | 140319s9999 xx 000 0 ara d | ||
| 040 |
_aGCL / _cGCL |
||
| 082 | 0 | 4 |
_aق _b962.052 _bو ص |
| 100 | 1 | _aوزارة المواصلات | |
| 245 | 1 | 0 |
_aصفحة من العصر الذهبى عصر حضرة صاحب الجلالة الملك فؤاد الاول ملك مصر / _cوزارة المواصلات |
| 300 | _a49 ص | ||
| 490 | _a | ||
| 650 | 0 | 4 | _aفؤاد الاول |
| 942 |
_2ddc _cBK |
||
| 999 |
_c45958 _d45958 |
||